The theory of information and coding : a mathematical framework for communication /
Guardado en:
| Autor Principal: | |
|---|---|
| Formato: | Libro |
| Idioma: | English |
| Publicado: |
Reading, Mass. :
Addison-Wesley, Advanced Book Program,
1977.
|
| Series: | Encyclopedia of mathematics and its applications ;
v. 3. Encyclopedia of mathematics and its applications. Section, Probability. |
| Materias: | |
| Etiquetas: |
Agregar Etiqueta
Sin Etiquetas, Sea el primero en etiquetar este registro!
|
| LEADER | 01126cam a2200277 a 4500 | ||
|---|---|---|---|
| 001 | MAT.inmabb002835 | ||
| 008 | 770712s1977####maua#####b####001#0#eng## | ||
| 005 | 20111130145746.0 | ||
| 245 | 1 | 4 | |a The theory of information and coding : |b a mathematical framework for communication / |c Robert J. McEliece ; with a foreword by Mark Kac. |
| 260 | |a Reading, Mass. : |b Addison-Wesley, Advanced Book Program, |c 1977. | ||
| 300 | |a xvi, 302 p. : |b il. ; |c 25 cm. | ||
| 490 | 1 | |a Encyclopedia of mathematics and its applications ; |v v. 3. |a Section, Probability | |
| 500 | |a "2nd printing with revisions, 1979". | ||
| 504 | |a Bibliografía: p. 288-291. | ||
| 510 | 4 | |a MR, |c 57 #9301 | |
| 020 | |a 0201135027 | ||
| 100 | 1 | |a McEliece, Robert J. | |
| 830 | 0 | |a Encyclopedia of mathematics and its applications ; |v v. 3. | |
| 830 | 0 | |a Encyclopedia of mathematics and its applications. |p Section, Probability. | |
| 650 | 0 | |a Information theory. | |
| 650 | 0 | |a Coding theory. | |
| 084 | |a 94A15 |2 mcs2000 | ||
| 010 | |a 77021837 | ||
| 040 | |a DLC |c DLC |d DLC | ||
| 859 | |h 94 |i M141 |p A-5381 |b BIB. MATEMATICA | ||
| 859 | |h 94 |i M141 |p A-7013 |t Ej. 2 |b BIB. MATEMATICA | ||
